[Event "AUTO-OPEN-4635"]
[Site "http://www.queenalice.com/game.php?id=1868285"]
[Date "2026.1.21"]
[Round "1"]
[White "bmax"]
[Black "MarcosT"]
[Result "1-0"]
[WhiteElo "2264"]
[BlackElo "2023"]

1. d4 d5 2. Nf3 Nc6 3. e3 a6 4. Bd3 Nf6 5. b3 Bg4 6. Bb2 e6 7. O-O Be7 8. Nbd2
O-O 9. a3 Re8 10. h3 Bh5 11. c4 e5 12. dxe5 Nd7 13. Qc2 Bf8 14. Bxh7+ Kh8 15.
Qf5 Bg6 16. Bxg6 1-0

[Event "AUTO-OPEN-4635"]
[Site "http://www.queenalice.com/game.php?id=1868308"]
[Date "2026.1.21"]
[Round "1"]
[White "dimitridruloza2012"]
[Black "bmax"]
[Result "0-1"]
[WhiteElo "1743"]
[BlackElo "2273"]

1. g3 d5 2. Bg2 Nf6 3. b3 c5 4. Bb2 Nc6 5. Nf3 d4 6. Na3 e5 7. Nc4 Be7 8. Nfxe5
Nxe5 9. Nxe5 Qc7 10. Nd3 O-O 11. e3 Bg4 12. f3 Be6 13. Qe2 dxe3 14. dxe3 c4 15.
Nf4 Qa5+ 16. Kf2 c3 17. Qe1 Bb4 18. Bc1 Rad8 19. a3 Be7 20. Bb2 Rd2+ 21. Kg1
cxb2 22. Ra2 Rxc2 23. Qb1 Qd2 24. Qf1 Qxe3+ 25. Qf2 Qxf2# 0-1

[Event "AUTO-OPEN-4635"]
[Site "http://www.queenalice.com/game.php?id=1868309"]
[Date "2026.1.21"]
[Round "1"]
[White "bmax"]
[Black "dimitridruloza2012"]
[Result "1-0"]
[WhiteElo "2274"]
[BlackElo "1741"]

1. d4 b6 2. Nf3 Bb7 3. e3 g6 4. Bd3 Bg7 5. b3 Nf6 6. Bb2 Nd5 7. O-O e6 8. Nbd2
Nf6 9. e4 Nc6 10. e5 Nh5 11. Re1 Qe7 12. a4 a5 13. Ba3 d6 14. Ne4 O-O 15. exd6
Qd7 16. dxc7 Rfc8 17. Nd6 Nxd4 18. Nxd4 Rxc7 19. N4b5 Bxa1 20. Nxc7 Qxc7 21.
Qxa1 Qc6 22. Be4 Qc7 23. Bxb7 Rd8 24. Rd1 Qxc2 25. Qc1 Qxb3 26. Bf3 Nf6 27. Nxf7
Rxd1+ 28. Bxd1 Qd5 29. Nh6+ Kg7 30. Ng4 Ne4 31. Qc7+ Kh8 32. Qc8+ Kg7 33. Qf8#
1-0

[Event "AUTO-OPEN-4637"]
[Site "http://www.queenalice.com/game.php?id=1868772"]
[Date "2026.2.2"]
[Round "1"]
[White "Jsc"]
[Black "bmax"]
[Result "0-1"]
[WhiteElo "1713"]
[BlackElo "2253"]

1. e4 c6 2. d4 d5 3. e5 Bf5 4. c4 e6 5. Nc3 Bb4 6. a3 Bxc3+ 7. bxc3 Ne7 8. Be2
c5 9. cxd5 Qxd5 10. Bf3 Be4 11. a4 O-O 12. Ba3 Rc8 13. Bxc5 Ng6 14. Qe2 Bxf3 15.
Nxf3 Nf4 16. Qf1 b6 17. Ba3 Rxc3 18. Rc1 Qe4+ 19. Kd1 Rd3+ 20. Nd2 Nc6 21. g3
Qf3+ 22. Kc2 Nxd4+ 0-1

[Event "AUTO-OPEN-4637"]
[Site "http://www.queenalice.com/game.php?id=1868773"]
[Date "2026.2.2"]
[Round "1"]
[White "bmax"]
[Black "Jsc"]
[Result "1-0"]
[WhiteElo "2264"]
[BlackElo "1879"]

1. d4 d5 2. Nf3 c6 3. e3 Bg4 4. b3 Nd7 5. Bd3 Ngf6 6. Bb2 e6 7. Nbd2 Bd6 8. O-O
O-O 9. c4 b6 10. Qc2 Qc7 11. h3 Bh5 12. Ng5 Bg6 13. Bxg6 hxg6 14. Ndf3 a5 15. a4
Rfe8 16. Rac1 Nh7 17. Nxh7 Kxh7 18. Rfe1 Rh8 19. Ng5+ Kg8 20. cxd5 exd5 21. Qxc6
1-0

[Event "AUTO-OPEN-4637"]
[Site "http://www.queenalice.com/game.php?id=1868800"]
[Date "2026.2.2"]
[Round "1"]
[White "bmax"]
[Black "game"]
[Result "0-1"]
[WhiteElo "2275"]
[BlackElo "1629"]

1. d4 d5 2. Nf3 Nf6 3. e3 Nc6 4. b3 e6 5. Bb2 Nb4 6. a3 Nc6 7. Bd3 Be7 8. Nbd2
Ng4 9. h3 Nf6 10. Ne5 Nxe5 11. dxe5 Nd7 12. Qg4 g6 13. c4 Nxe5 14. Bxe5 Rg8 15.
O-O Bd7 16. cxd5 exd5 17. Rac1 Bxg4 0-1

[Event "AUTO-OPEN-4637"]
[Site "http://www.queenalice.com/game.php?id=1868801"]
[Date "2026.2.2"]
[Round "1"]
[White "game"]
[Black "bmax"]
[Result "0-1"]
[WhiteElo "1659"]
[BlackElo "2252"]

1. e4 c6 2. Nf3 d5 3. Ng5 h6 4. Qh5 g6 5. Qh4 Bg7 6. Nh3 g5 7. Qh5 Nf6 8. Qd1
Nxe4 9. d4 Qb6 10. c3 e5 11. Bd3 exd4 12. Bxe4 dxe4 13. cxd4 Bxd4 14. O-O Bxh3
15. gxh3 Nd7 16. Nc3 Ne5 17. Na4 Qc7 18. Qxd4 Nf3+ 0-1

[Event "AUTO-OPEN-4637"]
[Site "http://www.queenalice.com/game.php?id=1868802"]
[Date "2026.2.2"]
[Round "1"]
[White "bmax"]
[Black "mvson33"]
[Result "1-0"]
[WhiteElo "2257"]
[BlackElo "1911"]

1. d4 Nf6 2. Nf3 d5 3. e3 e6 4. Bd3 Be7 5. b3 O-O 6. Bb2 c5 7. O-O cxd4 8. exd4
Nc6 9. Ne5 Qb6 10. a3 Nxd4 11. Bxd4 Qc7 12. f4 b6 13. Nd2 Bb7 14. Qf3 Rac8 15.
f5 Bc5 16. Qe3 Bxd4 17. Qxd4 Nd7 18. Nxd7 Qxd7 19. f6 Qc6 20. Bxh7+ Kxh7 21.
Qh4+ Kg8 22. Qg5 1-0

[Event "AUTO-OPEN-4637"]
[Site "http://www.queenalice.com/game.php?id=1868803"]
[Date "2026.2.2"]
[Round "1"]
[White "mvson33"]
[Black "bmax"]
[Result "0-1"]
[WhiteElo "1938"]
[BlackElo "2254"]

1. Nf3 d5 2. d4 c6 3. e3 Bg4 4. Be2 e6 5. O-O Nf6 6. b3 Bd6 7. c4 Nbd7 8. Nbd2
O-O 9. Bb2 Ne4 10. cxd5 cxd5 11. Rc1 Qa5 12. Ra1 Rac8 13. a4 Nxd2 14. Nxd2 Bxe2
15. Qxe2 Rc2 0-1

[Event "AUTO-OPEN-4639"]
[Site "http://www.queenalice.com/game.php?id=1869443"]
[Date "2026.2.18"]
[Round "1"]
[White "SGF"]
[Black "bmax"]
[Result "0-1"]
[WhiteElo "1801"]
[BlackElo "2244"]

1. e4 c6 2. Qf3 d5 3. d3 e5 4. Be2 Nf6 5. Qg3 Nbd7 6. Bg5 Qb6 7. b3 Qc5 8. c4
Qd4 9. Bxf6 Qxa1 10. Bxg7 Bb4+ 11. Kf1 Qxb1+ 12. Bd1 Qxd1# 0-1

[Event "AUTO-OPEN-4639"]
[Site "http://www.queenalice.com/game.php?id=1869444"]
[Date "2026.2.18"]
[Round "1"]
[White "bmax"]
[Black "SGF"]
[Result "1-0"]
[WhiteElo "2225"]
[BlackElo "1788"]

1. d4 e6 2. Nf3 Qf6 3. e3 h6 4. Bd3 Be7 5. b3 c5 6. Bb2 d5 7. O-O a6 8. Nbd2 h5
9. c4 b5 10. cxd5 exd5 11. Qc1 c4 12. bxc4 bxc4 13. Bc2 g5 14. Ne5 Nc6 15. Ba4
Bb7 16. e4 O-O-O 17. exd5 Rxd5 18. Qxc4 Qe6 19. Nxc6 Bxc6 20. Bxc6 Rd6 21. Bd5+
Kd7 22. Bxe6+ fxe6 23. Rac1 Ke8 24. Ne4 Rd5 25. Qc6+ Rd7 26. Qxe6 Kd8 27. Nc5
Rd6 28. Nb7+ Ke8 29. Rc8+ Rd8 30. Rxd8# 1-0

[Event "AUTO-OPEN-4641"]
[Site "http://www.queenalice.com/game.php?id=1869928"]
[Date "2026.2.27"]
[Round "1"]
[White "chessman"]
[Black "bmax"]
[Result "0-1"]
[WhiteElo "2052"]
[BlackElo "2265"]

1. e4 c6 2. d4 d5 3. Nc3 dxe4 4. Nxe4 Bf5 5. Ng3 Bg6 6. Nf3 Nd7 7. Bd3 Bxd3 8.
Qxd3 Ngf6 9. O-O e6 10. Re1 Be7 11. Ng5 O-O 12. Nxe6 fxe6 13. Rxe6 Rc8 14. Qe2
Rf7 15. Bg5 Nf8 16. Re3 Rc7 17. c3 Nd5 18. Bxe7 Rcxe7 19. Rxe7 Rxe7 20. Qd2 Ng6
21. c4 Ndf4 22. Rd1 Rd7 23. Nf5 Qg5 24. Ng3 h5 25. f3 h4 26. Ne4 Qf5 27. a3 h3
28. g3 Rxd4 29. Qc2 Rxd1+ 30. Qxd1 Ne6 31. b4 Ne5 32. Nd6 Nxf3+ 33. Kh1 Qe5 0-1

[Event "AUTO-OPEN-4641"]
[Site "http://www.queenalice.com/game.php?id=1869929"]
[Date "2026.2.27"]
[Round "1"]
[White "bmax"]
[Black "chessman"]
[Result "1-0"]
[WhiteElo "2258"]
[BlackElo "2050"]

1. d4 d5 2. Nf3 e6 3. e3 c5 4. b3 cxd4 5. exd4 Nc6 6. Bb2 Nf6 7. Bd3 Be7 8. O-O
O-O 9. Nbd2 a6 10. Re1 Re8 11. Ne5 h6 12. Re3 Nd7 13. f4 Ncxe5 14. fxe5 b5 15.
Rg3 f5 16. exf6 Bxf6 17. Qh5 Bg5 18. Nf3 Be3+ 19. Kh1 Nf6 20. Qg6 Qe7 21. Ne5
Bf2 22. Rf1 Bxg3 23. Rxf6 1-0

[Event "AUTO-OPEN-4641"]
[Site "http://www.queenalice.com/game.php?id=1869946"]
[Date "2026.2.27"]
[Round "1"]
[White "bmax"]
[Black "Capixaba789"]
[Result "1-0"]
[WhiteElo "2229"]
[BlackElo "1901"]

1. d4 e5 2. dxe5 Bc5 3. Nc3 b6 4. Nf3 Nc6 5. e4 h5 6. Bg5 Be7 7. h4 Bxg5 8. hxg5
Bb7 9. Be2 Qe7 10. Nd5 Qd8 11. Qd2 Nge7 12. O-O-O Nxd5 13. exd5 Na5 14. g3 Qe7
15. b4 g6 16. bxa5 Qa3+ 17. Kb1 bxa5 18. Ka1 O-O 19. Rb1 Rab8 20. Rb3 Qc5 21.
Rhb1 Qxf2 22. Rxb7 Rxb7 23. Rxb7 Rc8 24. e6 dxe6 25. dxe6 fxe6 26. Qd7 1-0

[Event "AUTO-OPEN-4641"]
[Site "http://www.queenalice.com/game.php?id=1869947"]
[Date "2026.2.27"]
[Round "1"]
[White "Capixaba789"]
[Black "bmax"]
[Result "0-1"]
[WhiteElo "1924"]
[BlackElo "2256"]

1. d4 d5 2. Nc3 c6 3. f4 Bf5 4. Nf3 e6 5. e3 Nf6 6. Be2 c5 7. dxc5 Bxc5 8. O-O
O-O 9. Bd3 Bxd3 10. cxd3 Nc6 11. d4 Bb4 12. Bd2 Qe7 13. Ne5 Bxc3 14. Bxc3 Nxe5
15. fxe5 Ne4 16. Be1 Rac8 17. a3 Qd7 18. Qf3 Rc2 19. Bb4 Rfc8 20. h3 Rxb2 21.
Rab1 Rxb1 22. Rxb1 Rc2 23. Bd6 Nd2 24. Qd1 Qc8 25. Kh2 Nxb1 26. Qxb1 Qc3 27.
Qxb7 h6 28. Qb8+ Kh7 29. Qb1 Qd3 30. Bc5 Rxg2+ 0-1